Movie Characters as Saints Quiz Stats

 Plays Quiz Updated Mar 22, 2020

Support Sporcle.
Go Orange.
Score 0/20 Timer 05:00
5 Plays Today
% Correct
Bond, Saint Bond
97.2%
Saint Yoda
97.1%
Saint Wonka
97.1%
Saint Poppins
96.6%
Saint Superman of Krypton
96.2%
Saint Sparrow
96%
Saint Woody
95.8%
Saint Sherlock of Baker Street
95.8%
Saint Harry of the Cupboard Under the Stairs
95.3%
Saint McFly of Hill Valley
94.8%
% Correct
Saint Rocky the Pugilist
94.3%
Saint Gump
93.4%
Saint Elsa of Arendelle
91.8%
Saint Lebowski
91.4%
Saint Katniss of Panem
89.6%
Saint Croft
89.5%
Saint Burgundy
88.6%
Saint Neo
88.4%
Saint Atticus of Maycomb
86.5%
Saint Ripley
83.7%

From the Vault

Goosebumps Series

by Ben

Ahhh horror novels for children, not surprisingly these were often challenged in American libraries, which may have enticed kids into wanting to read them.
Remove Ads.
Support Sporcle.
Get the best of Sporcle when you Go Orange. This ad-free experience offers more features, more stats, and more fun while also helping to support Sporcle. Thank you for becoming a member.

Show Comments

Extras

Top Quizzes Today


Score Distribution

Your Account Isn't Verified!

In order to create a playlist on Sporcle, you need to verify the email address you used during registration. Go to your Sporcle Settings to finish the process.

Report this User

Report this user for behavior that violates our Community Guidelines.

Details: